| 000 | 00420nam a22001457a 4500 | ||
|---|---|---|---|
| 082 | _aT-214 | ||
| 100 |
_aAbdul Anwar _915451 |
||
| 245 | _aA Conceptual Modal of Delay Factors Affecting Government Funded Hydropower Projects | ||
| 260 |
_aRisalpur, _bMCE, _c2017 |
||
| 300 |
_a63p _bill |
||
| 526 |
_a0 _b0 _c0 _dT_214 |
||
| 650 |
_aMS CE&M-2 _951236 |
||
| 700 |
_aMaj Muhammad Sohail Anwar Malik _951237 |
||
| 942 |
_2ddc _cBK |
||
| 999 |
_c553973 _d553973 |
||